banner-ar

خطاب الحكاية: بحث فى المنهج / (Record no. 52171)

MARC details
000 -الفاتح
حقل البيانات ثابتة الطول 00783nam a2200241Ia 4500
008 - عناصر البيانات ثابتة الطول - معلومات عامة
حقل البيانات ثابتة الطول 140319s9999 xx 000 0 ara d
040 ## - مصدر الفهرسة
وكالة الفهرسة الأصلية GCL /
وكالة النسخ GCL
082 04 - رقم تصنيف ديوى العشرى
رقم التصنيف 809.923
رقم المادة ج خ
100 1# - المدخل الرئيسى - إسم شخصى
الإسم الشخصى جنيت، جيرار
245 10 - بيان العنوان
العنوان خطاب الحكاية: بحث فى المنهج /
بيان المسئوليه,etc جنيت، جيرار
700 1# - المدخل الاضافى - اسم شخصى
الإسم الشخصى محمد معتصم
700 1# - المدخل الاضافى - اسم شخصى
الإسم الشخصى عبدالجليل الاردى
300 ## - الوصف المادى
التعداد 500 ص
490 ## - بيان السلسلة
عنوان السلسلة المشروع القومى للترجمة
رقم المجلد/ التعيين التسلسلي 0
650 04 - المدخل الاضافى بالموضوع-مصطلح موضوعى
مصطلح موضوعي الخطابة
650 04 - المدخل الاضافى بالموضوع-مصطلح موضوعى
مصطلح موضوعي الادب المقارن
650 04 - المدخل الاضافى بالموضوع-مصطلح موضوعى
مصطلح موضوعي المنهج الفلسفى
650 04 - المدخل الاضافى بالموضوع-مصطلح موضوعى
مصطلح موضوعي السرد الادبى
650 04 - المدخل الاضافى بالموضوع-مصطلح موضوعى
مصطلح موضوعي الرواية الفرنسية - تاريخ ونقد
650 04 - المدخل الاضافى بالموضوع-مصطلح موضوعى
مصطلح موضوعي المحسنات البلاغية
942 ## - عناصر المدخل الإضافي( كوها)
مصدر التصنيف او مخطط الترفيف Dewey Decimal Classification
Koha [default] item type كتاب
Holdings
حالة التراجع حالة الفقد حالة تلف ليس للاعارة المكان المؤقت الموقع الحالى تاريخ الاكتساب اجمالي اﻻعارات رقم الطلب الباركود تاريخ اخر مشاهدة تاريخ تفعيل السعر نوع وعاء كوها
        مكتبة القاهرة الكبرى مكتبة القاهرة الكبرى 03/26/2014   809.923\ج خ 124885 03/26/2014 03/26/2014 كتاب
        مكتبة القاهرة الكبرى مكتبة القاهرة الكبرى 03/26/2014   809.923\ج خ 124886 03/26/2014 03/26/2014 كتاب

Powered By

EGPV